<?xml version="1.0" encoding="UTF-8"?><?xml-stylesheet type="text/xsl" href="static/style.xsl"?><OAI-PMH xmlns="http://www.openarchives.org/OAI/2.0/" xmlns:xsi="http://www.w3.org/2001/XMLSchema-instance" xsi:schemaLocation="http://www.openarchives.org/OAI/2.0/ http://www.openarchives.org/OAI/2.0/OAI-PMH.xsd"><responseDate>2026-04-17T01:47:20Z</responseDate><request verb="GetRecord" identifier="oai:www.recercat.cat:2117/189327" metadataPrefix="marc">https://recercat.cat/oai/request</request><GetRecord><record><header><identifier>oai:recercat.cat:2117/189327</identifier><datestamp>2025-07-23T05:22:16Z</datestamp><setSpec>com_2072_1033</setSpec><setSpec>col_2072_452951</setSpec></header><metadata><record xmlns="http://www.loc.gov/MARC21/slim" xmlns:dcterms="http://purl.org/dc/terms/" xmlns:xsi="http://www.w3.org/2001/XMLSchema-instance" xmlns:doc="http://www.lyncode.com/xoai" xsi:schemaLocation="http://www.loc.gov/MARC21/slim http://www.loc.gov/standards/marcxml/schema/MARC21slim.xsd">
   <leader>00925njm 22002777a 4500</leader>
   <datafield ind2=" " ind1=" " tag="042">
      <subfield code="a">dc</subfield>
   </datafield>
   <datafield ind2=" " ind1=" " tag="720">
      <subfield code="a">Berché Clemente, María</subfield>
      <subfield code="e">author</subfield>
   </datafield>
   <datafield ind2=" " ind1=" " tag="260">
      <subfield code="c">2008-06-25</subfield>
   </datafield>
   <datafield ind2=" " ind1=" " tag="520">
      <subfield code="a">Se trata del proyecto de rehabilitación y cambio de uso de la Torre “El Gato”, situada en partida Valpastor 55, Binéfar, provincia de Huesca.&#xd;
El proyecto constara de las siguientes partes bien diferenciadas:&#xd;
- Estudio histórico:&#xd;
Breve referencia a la historia de la Torre “El Gato” y el municipio al que pertenece. Se estudiara el edificio en su contenido histórico y constructivo, analizando la finalidad para la cual fue construido, definición de los espacios y composición arquitectónica del mismo.&#xd;
- Análisis constructivo:&#xd;
Sistemas constructivos utilizados.&#xd;
- Levantamiento de planos:&#xd;
- Dictamen patológico:&#xd;
Elaboración de fichas de identificación de patologías, donde constaran los efectos causantes de las lesiones, grado de importancia de las mismas e intervenciones a realizar con el fin de subsanarlas.&#xd;
- Cambio de uso:&#xd;
El objetivo final del proyecto es realizar el cambio de uso de este edificio para utilizarlo con un fin turístico rural. Se deberán adaptar los diferentes espacios para cumplir con la normativa actual y dotar a la edificación de las instalaciones necesarias para tal fin.&#xd;
- Cálculo de instalaciones:&#xd;
Teniendo en cuenta las necesidades que nos solicita el proyecto al realizar los procesos constructivos citados en los apartados anteriores, calcularemos y describiremos los elementos que componen las diferentes instalaciones.&#xd;
- Estudio de viabilidad de casa rural torre El Gato:&#xd;
Se estudiara la compatibilidad de este proyecto con su entorno, buscando actividades culturales, deportivas o lúdicas que realcen el atractivo turístico de la zona.</subfield>
   </datafield>
   <datafield tag="653" ind2=" " ind1=" ">
      <subfield code="a">Àrees temàtiques de la UPC::Edificació::Rehabilitació d'edificis</subfield>
   </datafield>
   <datafield tag="653" ind2=" " ind1=" ">
      <subfield code="a">Farmhouses</subfield>
   </datafield>
   <datafield tag="653" ind2=" " ind1=" ">
      <subfield code="a">Buildings -- Remodeling for other use</subfield>
   </datafield>
   <datafield tag="653" ind2=" " ind1=" ">
      <subfield code="a">Masos, masies, etc. -- Conversió -- Binèfar (Osca)</subfield>
   </datafield>
   <datafield tag="653" ind2=" " ind1=" ">
      <subfield code="a">Cases rurals -- Aragó -- Binéfar</subfield>
   </datafield>
   <datafield tag="653" ind2=" " ind1=" ">
      <subfield code="a">Conversió d'edificis -- Aragó -- Binéfar</subfield>
   </datafield>
   <datafield ind2="0" ind1="0" tag="245">
      <subfield code="a">Proyecto de rehabilitación y cambio de uso: torre "el Gato", Binéfar, Huesca</subfield>
   </datafield>
</record></metadata></record></GetRecord></OAI-PMH>